| 000 | 00330cam a22001337a 4500 | ||
|---|---|---|---|
| 008 | 180718b1958 xxu||||| |||| 00| 0 eng d | ||
| 082 | _aG91 R733 | ||
| 100 | _aRoss, Alf | ||
| 245 |
_aOn law and justice _cby Alf Ross |
||
| 260 |
_aLondon _bStevens _c1958 |
||
| 300 | _a383p | ||
| 650 | _aLaw --Philosophy | ||
| 650 | _aJurisprudence | ||
| 999 |
_c427277 _d427277 |
||